Learning Resource and Development

Project management essentials / (Record no. 25788)

MARC details
000 -LEADER
fixed length control field 01348nam a2200301 i 4500
003 - CONTROL NUMBER IDENTIFIER
control field CSPC
005 - DATE AND TIME OF LATEST TRANSACTION
control field 20241216094808.0
008 - FIXED-LENGTH DATA ELEMENTS--GENERAL INFORMATION
fixed length control field 230704s2019 nyu b 001 0 eng d
020 ## - INTERNATIONAL STANDARD BOOK NUMBER
International Standard Book Number 9781948976398
Qualifying information (paperback)
040 ## - CATALOGING SOURCE
Original cataloging agency CSPC
Language of cataloging eng
Transcribing agency CSPC
Description conventions eng
050 #4 - LIBRARY OF CONGRESS CALL NUMBER
Classification number HD69.P75
Item number W45
082 #4 - DEWEY DECIMAL CLASSIFICATION NUMBER
Classification number 658.4
Item number W462p
100 1# - MAIN ENTRY--PERSONAL NAME
Personal name Wells, Kathryn N.,
Dates associated with a name author.
245 10 - TITLE STATEMENT
Title Project management essentials /
Statement of responsibility, etc. Kathryn N. Wells and Timothy J. Kloppenborg.
250 ## - EDITION STATEMENT
Edition statement Second edition.
264 #1 - PRODUCTION, PUBLICATION, DISTRIBUTION, MANUFACTURE, AND COPYRIGHT NOTICE
Place of production, publication, distribution, manufacture New York, NY :
Name of producer, publisher, distributor, manufacturer Business Expert Press,
Date of production, publication, distribution, manufacture, or copyright notice 2019.
300 ## - PHYSICAL DESCRIPTION
Extent viii, 133 pages :
Other physical details illustrations ;
Dimensions 23 cm.
336 ## - CONTENT TYPE
Content type term text
Source rdacontent
337 ## - MEDIA TYPE
Media type term unmediated
Source rdamedia
338 ## - CARRIER TYPE
Carrier type term volume
Source rdacarrier
490 ## - SERIES STATEMENT
Series statement Portfolio and project management collection
500 ## - GENERAL NOTE
General note Includes bibliographical references and index.
505 0# - FORMATTED CONTENTS NOTE
Formatted contents note Introduction to project management -- Selecting and initiating a project -- Engaging your team and other stakeholders -- Determining what your project will deliver -- Project scheduling -- Budgeting and baselining your project -- Directing project performance.
650 #0 - SUBJECT ADDED ENTRY--TOPICAL TERM
Topical term or geographic name entry element Project management.
700 1# - ADDED ENTRY--PERSONAL NAME
Personal name Kloppenborg, Timothy J.,
Relator term author.
942 ## - ADDED ENTRY ELEMENTS (KOHA)
Source of classification or shelving scheme Dewey Decimal Classification
Suppress in OPAC No
Koha item type Books
Classification part 658.4
Call number suffix 2019
Call number prefix ENG
Item part W462p
Holdings
Withdrawn status Lost status Source of classification or shelving scheme Damaged status Not for loan Home library Current library Shelving location Date acquired Total Checkouts Full call number Barcode Date last seen Copy number Price effective from Koha item type
    Dewey Decimal Classification     Main Library Main Library Engineering Section 07/04/2023   ENG 658.4 W462p 2019 025571 07/04/2023 1-3 07/04/2023 Books
    Dewey Decimal Classification     Main Library Main Library Engineering Section 07/04/2023   ENG 658.4 W462p 2019 025572 07/04/2023 2-3 07/04/2023 Books
    Dewey Decimal Classification     Main Library Main Library Engineering Section 12/09/2024   ENG 658.4 W462p 2019 028662 12/09/2024 3-3 12/09/2024 Books